Guess the Country from One Clue - Statistics

General Stats
  • This quiz has been taken 33 times
  • The average score is 11 of 14
Answer Stats
Hint Answer % Correct
Has the world's longest coastline Canada
100%
The only country that’s also a continent Australia
97%
The only country with a non-rectangular flag Nepal
97%
Uses more bicycles than cars in many cities Netherlands
94%
The smallest country in the world Vatican City
94%
The world’s youngest country South Sudan
88%
Has a city split across two continents Turkey
88%
Has more islands than any other country Sweden
81%
Home to the world’s oldest continuous civilization China
72%
One of the biggest countries in the world with no rivers Saudi Arabia
72%
Its capital city is higher than most mountains in Europe Bolivia
69%
The only country named after a woman Saint Lucia
59%
Has a town with one of the shortest place names: “Å” Norway
44%
The country with the lowest average elevation in the world Maldives
34%
No matching quizzes found
Score Distribution
Percent of People with Each Score
Percentile by Number Answered
Your Score History
You have not taken this quiz